000 00363nam a2200145Ia 4500
008 150201s1999 xx 000 0 und d
082 _a617.0525
_bA1999D
100 _aDUNITZ,MARTIN
245 _aAN ATLAS OF MINOR ORAL SURGERY
250 _a2ND
260 _bMARTIN DANITZ PUBLICATION
_aU.S.A
_c1999
300 _a1-
650 _aORAL SURGERY
942 _2ddc
_cBK
999 _c3720
_d3720